000 00631nam a2200205 4500
001 123539
003 ES-MaACL
007 t|
008 070214s1974 sp r ||||1| spa d
245 0 0 _aQuímica moderna /
_cG. Baddeley [ et. al.] ; selección de J. G. Stark ; versión de José Ortega Klein.
260 _aMadrid :
_bAlianza,
_c1974.
300 _a321 p. ;
_c20 cm.
490 1 _aAlianza universidad
700 1 _aBaddeley, G.
_924520
700 1 _aStark, J. G.
_9107927
700 1 _aOrtega Klein, José.
_987465
830 0 _aAlianza universidad
_9177276
852 _aES-MaACL
_jE-7348
_bR.91239
999 _c123539
_d123539